000 00330nam a2200133Ia 4500
008 150301s2004 xx 000 0 und d
082 _a610.7367
_bI04J
100 _aW.H.O.
245 _aINTEGRATED MANAGEMENTOF PRAGNANCY AND CHILD BIRTH
260 _bA.I.T.B.S
_c2004
300 _a375
650 _aOBS.& GYNE.
942 _2ddc
_cBK
999 _c6802
_d6802